Culture Générale - Série 1326 - Statistiques

Statistiques générales
  • Ce quiz a été pris 88 fois
  • Le résultat moyen est 4 sur 10
Statistiques - réponses
Question Réponse % Correct
Comment appelle-t-on l'étude des principes élémentaires de la musique et de ses signes de notation ? solfège
67%
Dans quel département français se trouvent les villes d'Epernay, Reims et Vitry le François ? Marne
61%
Sur quelle île d'Indonésie se trouve la ville de Jakarta ? Java
59%
Quel personnage de la Bible doit offrir son fils Isaac en sacrifice à Dieu ? Abraham
51%
En 1905, Franz Lehar a écrit l'opérette "La Veuve... joyeuse
51%
Quel film de Francis Ford Coppola, sorti en 1979, se déroule pendant la guerre du Vietnam ? Apocalypse Now
49%
Dans quel pays d'Amérique du Sud peut-on visiter les villes de Callao et d'Arequipa ? Pérou
49%
En 1958, quel coureur automobile est enlevé par les hommes de Fidel Castro ? Juan Manuel Fangio
29%
Qui est l'auteur du roman “Les Fiançailles de M. Hire”, en 1933 ? Georges Simenon
7%
En 1989, qui succède à André Bergeron au poste de secrétaire général de Force ouvrière ? Marc Blondel
3%
Aucun quiz correspondant
Distribution des résultats
% des personnes avec chaque résultat
Percentile par nombre de réponses
Votre historique - résultats
Vous n’avez pas pris ce quiz